zpět

Detail výsledku týmu

Pub Na Plech - Žižkov, Praha

Datum a čas kvízu

28.5 Celkem bodů Celkový počet nahraných bodů na tomto kvízu bez doplňovacích otázek.
7. Pořadí na kvízu Konečné umístění týmu na tomto kvízu.

Zaznamenané odpovědi

# Otázka Odpověď Body Výsledky
1. Minulý týden se v pražských Z... Bolt 1
2. Švýcarský výrobce nožů Victori... nebude obsahovat nožík/čepel 0
3. Jedno z nejnovějších děl umělc... C) ve Veselí nad Moravou 1
4. Někteří obyvatelé Německa, pře... kebab 1
5. Jak se jmenuje český fotbalový... Václav Hladký 0
6. Podíváme se do zemí či krajů,... Muž z Acapulca 0
7. Jak se nazývá chudé království... A) Monte Albo 0
8. Toto fiktivní království někol... Wakanda, vibranium 1
9. Přiřaďte tyto postavy z knižní... 1B 2D 3C 4A 0
10. Děj které humoristické novely... Rozmarné léto 1